[Event "XV Festival Conca della Presolana A"]
[Site "Bratto - Castione della Presolana ITA"]
[Date "1995.08.??"]
[Round "2"]
[White "Wyss, Walter"]
[Black "Contin, Daniel"]
[Result "0-1"]
[WhiteElo "2240"]
[BlackElo "2365"]
[PlyCount "102"]
[EventDate "1995.08.21"]

1.e4 e6 2.Qe2 c5 3.g3 Nc6 4.Nf3 g6 5.Bg2 Bg7 6.c3 Nge7 7.d3 d6 8.Be3 e5 9.
c4 O-O 10.Nc3 f5 11.Nd5 f4 12.Bd2 Bg4 13.Bc3 a6 14.h3 Bxf3 15.Bxf3 fxg3 
16.fxg3 Nxd5 17.cxd5 Qg5 18.dxc6 Qxg3+ 19.Qf2 Rxf3 20.Qxg3 Rxg3 21.cxb7 
Rb8 22.Ke2 Bh6 23.Raf1 Re3+ 24.Kd1 Rxd3+ 25.Kc2 Re3 26.Rf6 Bf8 27.Rhf1 Be7
28.Rf7 Rxb7 29.R1f2 Rxe4 30.Bd2 Rc4+ 31.Kb1 Rf4 32.R7xf4 exf4 33.Bxf4 Rb4 
34.b3 Re4 35.Kc2 a5 36.Bd2 a4 37.bxa4 Rxa4 38.Kb3 Rd4 39.a4 Bh4 40.Rf4 
Rxd2 41.Rxh4 d5 42.a5 c4+ 43.Kb4 Rb2+ 44.Kc5 c3 45.Kxd5 Rb5+ 46.Kc6 Rxa5 
47.Rc4 Ra3 48.h4 Kg7 49.Kb5 Kh6 50.Kb4 Ra1 51.Rxc3 Rh1 0-1

[Event "XV Festival Conca della Presolana A"]
[Site "Bratto - Castione della Presolana ITA"]
[Date "1995.08.??"]
[Round "3"]
[White "Bancod, Ronald"]
[Black "Everet, Alexandro"]
[Result "1-0"]
[WhiteElo "2385"]
[BlackElo "2095"]
[PlyCount "59"]
[EventDate "1995.08.21"]

1.e4 e6 2.d3 d5 3.Nd2 Nf6 4.Ngf3 c5 5.g3 Be7 6.Bg2 O-O 7.O-O Nc6 8.Re1 
dxe4 9.dxe4 e5 10.c3 Bg4 11.h3 Bxf3 12.Qxf3 Qc7 13.Nc4 Nd7 14.Ne3 Nb6 15.
Nd5 Nxd5 16.exd5 Na5 17.Qf5 Bd6 18.b3 Rae8 19.c4 f6 20.Bb2 b6 21.h4 g6 22.
Qc2 f5 23.f4 Re7 24.Qc3 Rfe8 25.Re2 Kf7 26.Rae1 Kf6 27.g4 fxg4 28.Qg3 h5 
29.fxe5+ Bxe5 30.Qf4+ 1-0

[Event "XV Festival Conca della Presolana A"]
[Site "Bratto - Castione della Presolana ITA"]
[Date "1995.08.??"]
[Round "3"]
[White "Barlocco, Carlo"]
[Black "Bellini, Fabio"]
[Result "0-1"]
[WhiteElo "2160"]
[BlackElo "2350"]
[PlyCount "94"]
[EventDate "1995.08.21"]

1.d4 d5 2.Bf4 c6 3.c3 Nf6 4.e3 g6 5.Nf3 Bg7 6.Be2 Bg4 7.Qb3 Qb6 8.Nbd2 
Nbd7 9.a4 Nh5 10.a5 Qxb3 11.Nxb3 Nxf4 12.exf4 f6 13.O-O O-O 14.Rfe1 Rae8 
15.Nh4 Bxe2 16.Rxe2 e5 17.fxe5 fxe5 18.Nf3 exd4 19.Nfxd4 Rxe2 20.Nxe2 a6 
21.Kf1 Re8 22.Nf4 Ne5 23.Nc5 Bf8 24.Nfd3 Nc4 25.b4 Bg7 26.Rc1 Nd6 27.Nf4 
Kf7 28.Ne2 Ne4 29.Nb3 Bf8 30.f3 Nf6 31.Ned4 Bd6 32.g3 h5 33.Re1 Rg8 34.Ne6
Ne4 35.Nd8+ Rxd8 36.fxe4 Kf6 37.exd5 cxd5 38.Nd4 Be5 39.Rc1 Rc8 40.Ne2 Kf5
41.Ke1 Ke4 42.Kd2 Rf8 43.Nd4 Rf2+ 44.Ke1 Rxh2 45.Ne6 Bxg3+ 46.Kd1 Bd6 47.
Nd8 Kd3 0-1

[Event "XV Festival Conca della Presolana A"]
[Site "Bratto - Castione della Presolana ITA"]
[Date "1995.08.??"]
[Round "3"]
[White "Bascetta, Biagio"]
[Black "Soprano, Paolo"]
[Result "1/2-1/2"]
[WhiteElo "1908"]
[BlackElo "2049"]
[PlyCount "28"]
[EventDate "1995.08.21"]

1.e4 e5 2.Nf3 Nc6 3.Bb5 a6 4.Ba4 Nf6 5.O-O Be7 6.Re1 b5 7.Bb3 d6 8.c3 O-O 
9.h3 Na5 10.Bc2 c5 11.d4 Qc7 12.Nbd2 Re8 13.Nf1 Bf8 14.Ng3 g6 1/2-1/2

[Event "XV Festival Conca della Presolana A"]
[Site "Bratto - Castione della Presolana ITA"]
[Date "1995.08.??"]
[Round "3"]
[White "Bozzali, Ermanno"]
[Black "Wyss, Walter"]
[Result "1/2-1/2"]
[WhiteElo "1947"]
[BlackElo "2240"]
[PlyCount "118"]
[EventDate "1995.08.21"]

1.e4 c5 2.Nf3 e6 3.d4 cxd4 4.Nxd4 Nc6 5.Nc3 Qc7 6.g3 Nf6 7.Bg2 Nxd4 8.Qxd4
Bc5 9.Bf4 d6 10.Qd2 a6 11.O-O O-O 12.Rad1 Ne8 13.a3 e5 14.Nd5 Qd8 15.Bg5 
f6 16.Be3 Bxe3 17.Qxe3 b5 18.Nb6 Rb8 19.Nxc8 Qxc8 20.c3 a5 21.Rd3 b4 22.
cxb4 axb4 23.Rc1 Qb7 24.Rb3 Qb6 25.Qxb6 Rxb6 26.Rc4 g6 27.Rbxb4 Rxb4 28.
Rxb4 Ng7 29.Bf1 f5 30.Bc4+ Kh8 31.Bd5 fxe4 32.Bxe4 Ne6 33.Rb6 Nc5 34.Bd5 
Nd3 35.f3 Rc8 36.a4 Rc1+ 37.Kg2 Rc2+ 38.Kh3 Nf2+ 39.Kh4 Nd1 40.Kg5 Rc8 41.
Kh6 Ne3 42.Be6 Re8 43.a5 e4 44.fxe4 g5 45.Bf5 d5 46.Rb7 dxe4 47.Bd7 Rg8 
48.Kh5 Nd5 49.Kg4 Ne3+ 50.Kh3 g4+ 51.Kh4 h6 52.h3 Rg5 53.hxg4 Rxa5 54.Bc6 
Re5 55.Rb4 Ng2+ 56.Kh3 e3 57.Bf3 e2 58.Bxe2 Rxe2 59.Rb8+ Kg7 1/2-1/2

[Event "XV Festival Conca della Presolana A"]
[Site "Bratto - Castione della Presolana ITA"]
[Date "1995.08.??"]
[Round "3"]
[White "Campini, Marco"]
[Black "Sgnaolin, Davide"]
[Result "1-0"]
[WhiteElo "2066"]
[BlackElo "1994"]
[PlyCount "59"]
[EventDate "1995.08.21"]

1.e4 c5 2.Nf3 Nc6 3.d4 cxd4 4.Nxd4 g6 5.Be3 Nf6 6.Nc3 Bg7 7.Be2 O-O 8.O-O 
d6 9.Kh1 Nxd4 10.Bxd4 Be6 11.f4 Qa5 12.a3 Rfc8 13.Rc1 Bc4 14.Rf3 Qa6 15.
Bd3 Rd8 16.Qe2 Rac8 17.Rcf1 b5 18.h3 Qb7 19.Nd1 Rc7 20.e5 dxe5 21.Bxe5 
Rcd7 22.Nc3 a6 23.f5 Bxd3 24.cxd3 Qc6 25.fxg6 hxg6 26.d4 Qe6 27.Qf2 Rf8 
28.Qh4 Nd5 29.Ne4 f6 30.Ng5 1-0

[Event "XV Festival Conca della Presolana A"]
[Site "Bratto - Castione della Presolana ITA"]
[Date "1995.08.??"]
[Round "3"]
[White "Ciampi, Vincenzo"]
[Black "Belotti, Bruno"]
[Result "1/2-1/2"]
[WhiteElo "2160"]
[BlackElo "2380"]
[PlyCount "75"]
[EventDate "1995.08.21"]

1.e4 c5 2.Nf3 d6 3.d4 cxd4 4.Nxd4 Nf6 5.Nc3 a6 6.a4 e6 7.Be2 Qc7 8.O-O Be7
9.f4 O-O 10.Kh1 Nc6 11.Be3 Re8 12.Bf3 Rb8 13.Qd2 Bd7 14.Nb3 b6 15.Rae1 
Red8 16.Qf2 Nb4 17.Nd4 Be8 18.Rd1 Nd7 19.Qg3 Kh8 20.Rd2 Nc5 21.e5 Nxa4 22.
Nxa4 Bxa4 23.f5 dxe5 24.fxe6 Bf6 25.c3 Rbc8 26.e7 Qxe7 27.Nf5 Qe6 28.Rxd8+
Rxd8 29.Bg4 Qc4 30.Kg1 Bb5 31.Rc1 Nd3 32.Rd1 Nf4 33.Rxd8+ Bxd8 34.h3 Qf1+ 
35.Kh2 g6 36.Nd6 Kg7 37.Bf3 Bc7 38.Bxf4 1/2-1/2

[Event "XV Festival Conca della Presolana A"]
[Site "Bratto - Castione della Presolana ITA"]
[Date "1995.08.??"]
[Round "3"]
[White "Contin, Daniel"]
[Black "Nurkic, Sahbaz"]
[Result "0-1"]
[WhiteElo "2365"]
[BlackElo "2420"]
[PlyCount "98"]
[EventDate "1995.08.21"]

1.c4 Nf6 2.Nc3 g6 3.g3 Bg7 4.Bg2 O-O 5.d4 d6 6.Nf3 Nc6 7.O-O e5 8.d5 Ne7 
9.c5 e4 10.cxd6 Qxd6 11.Ng5 Nexd5 12.Ngxe4 Qe5 13.Nxf6+ Nxf6 14.Bf4 Qe7 
15.Qa4 c6 16.Rad1 Re8 17.Rd2 Be6 18.Rfd1 Qc5 19.Bd6 Qh5 20.Qb4 Bh6 21.Bf4 
a5 22.Qd4 Bg7 23.Qb6 Nd5 24.Nxd5 cxd5 25.Bf3 Bg4 26.Rxd5 Bxf3 27.Rxh5 Bxh5
28.Qxb7 Bxe2 29.Rc1 Rad8 30.h3 Bd3 31.Qb3 Bf5 32.g4 Be6 33.Qa3 Rd5 34.b3 
h5 35.Qa4 Red8 36.Bc7 Rc8 37.Kg2 hxg4 38.hxg4 Rd4 39.Qxa5 Rxg4+ 40.Kf1 Bf6
41.Bf4 Re8 42.Qb5 Ra8 43.Bd6 Rg5 44.Qb7 Rxa2 45.Rc8+ Kh7 46.Qh1+ Rh5 47.
Qf3 Bg7 48.Rc1 Bd5 49.Qd3 Rh1# 0-1

[Event "XV Festival Conca della Presolana A"]
[Site "Bratto - Castione della Presolana ITA"]
[Date "1995.08.??"]
[Round "3"]
[White "Fuggetta, Leonardo"]
[Black "Eynard, Valdo"]
[Result "1-0"]
[WhiteElo "2115"]
[BlackElo "1909"]
[PlyCount "73"]
[EventDate "1995.08.21"]

1.c4 c6 2.Nc3 d5 3.cxd5 cxd5 4.d4 Nf6 5.Nf3 Nc6 6.Bf4 e6 7.e3 Bd6 8.Bxd6 
Qxd6 9.Rc1 O-O 10.Bd3 e5 11.dxe5 Nxe5 12.O-O Nxd3 13.Qxd3 Rd8 14.Qd4 a6 
15.Na4 b5 16.Nc5 Rb8 17.b4 Bg4 18.Nd3 Ne4 19.Nde5 Bd7 20.Rc2 Be8 21.Rfc1 
a5 22.a3 axb4 23.axb4 Ra8 24.Nd3 h6 25.Nc5 Qe7 26.Ra1 Nd6 27.Rca2 Rxa2 28.
Rxa2 Nc4 29.h3 f6 30.Ra6 Ne5 31.Nh4 Nc6 32.Qg4 Ne5 33.Nf5 Nxg4 34.Nxe7+ 
Kf8 35.Ra7 Bd7 36.Nxd7+ Kxe7 37.Nc5+ 1-0

[Event "XV Festival Conca della Presolana A"]
[Site "Bratto - Castione della Presolana ITA"]
[Date "1995.08.??"]
[Round "3"]
[White "Gardi, Giuseppe"]
[Black "De Barberis, Massimo"]
[Result "0-1"]
[WhiteElo "1902"]
[BlackElo "2140"]
[PlyCount "94"]
[EventDate "1995.08.21"]

1.d4 Nf6 2.e3 e6 3.Bd3 b6 4.Nf3 Bb7 5.O-O Be7 6.b3 d5 7.Bb2 O-O 8.Nbd2 
Nbd7 9.Qe2 Ne4 10.Rac1 f5 11.Ne5 Nxe5 12.dxe5 c5 13.Rfd1 Qc7 14.f4 Nxd2 
15.Rxd2 Rfd8 16.c4 Qc6 17.cxd5 Rxd5 18.e4 fxe4 19.Qxe4 g6 20.Qf3 Rad8 21.
Be4 Qb5 22.Bxd5 Bxd5 23.Qg3 Rf8 24.Qg4 Rf5 25.Qg3 Qb4 26.Rf2 c4 27.Kh1 Bc5
28.Rff1 cxb3 29.axb3 Bxb3 30.Bc3 Qe4 31.Bd2 Bd5 32.h3 Rh5 33.Kh2 Rf5 34.
Rfe1 Qa4 35.Rf1 Qa2 36.Qc3 a5 37.Ra1 Qb3 38.Rfc1 Qb5 39.Qg3 Qe2 40.Rxc5 
bxc5 41.Bxa5 Rxf4 42.Re1 Qf2 43.Qg5 Rf5 44.Qd8+ Kg7 45.Rg1 Qf4+ 46.Kh1 Qg3
47.Qe7+ Kg8 0-1

[Event "XV Festival Conca della Presolana A"]
[Site "Bratto - Castione della Presolana ITA"]
[Date "1995.08.??"]
[Round "3"]
[White "Giretti Kanev, Jasen"]
[Black "Piva, Giorgio"]
[Result "1-0"]
[WhiteElo "2063"]
[BlackElo "2190"]
[PlyCount "99"]
[EventDate "1995.08.21"]

1.Nf3 d5 2.d4 c6 3.Bf4 Qb6 4.Qc1 Bg4 5.Nbd2 Nf6 6.e3 Nbd7 7.a4 Nh5 8.a5 
Qd8 9.Bg5 f6 10.Bh4 g5 11.Bg3 Nxg3 12.hxg3 a6 13.Bd3 Kf7 14.Rxh7+ Rxh7 15.
Bxh7 e6 16.Nh2 Bh5 17.g4 Qc7 18.Ndf3 Bg6 19.Bxg6+ Kxg6 20.c3 Bd6 21.Nf1 
Rh8 22.Qc2+ Kg7 23.Ke2 Nf8 24.N1d2 Ng6 25.c4 Qe7 26.Rd1 Rh6 27.Nb3 Rh7 28.
Rf1 Rh8 29.Nbd2 Bb4 30.Ra1 Bd6 31.c5 Bb8 32.Rf1 Bc7 33.b4 Bd8 34.Qb1 e5 
35.dxe5 fxe5 36.Rh1 Rxh1 37.Qxh1 Nh4 38.g3 Nxf3 39.Nxf3 Qf6 40.Qb1 Bc7 41.
Qf5 Qxf5 42.gxf5 Kf6 43.g4 Bb8 44.e4 d4 45.Kd3 Bc7 46.Nd2 Bb8 47.Nc4 Bc7 
48.Nd6 Bxd6 49.cxd6 Kf7 50.f4 1-0

[Event "XV Festival Conca della Presolana A"]
[Site "Bratto - Castione della Presolana ITA"]
[Date "1995.08.??"]
[Round "3"]
[White "Lupo, Alfredo"]
[Black "Garofalo, Pietro"]
[Result "1/2-1/2"]
[WhiteElo "1997"]
[BlackElo "2130"]
[PlyCount "44"]
[EventDate "1995.08.21"]

1.e4 e6 2.d4 d5 3.exd5 exd5 4.c4 Nf6 5.Nc3 Be7 6.Nf3 O-O 7.h3 c6 8.Bd3 
dxc4 9.Bxc4 Nbd7 10.O-O Nb6 11.Bd3 Nbd5 12.a3 Nxc3 13.bxc3 c5 14.dxc5 Qc7 
15.Qc2 h6 16.Bb2 Bxc5 17.c4 Nh5 18.Rad1 Rd8 19.Rfe1 Be6 20.Nd4 Nf4 21.Nxe6
Nxe6 22.Bf5 Nd4 1/2-1/2

[Event "XV Festival Conca della Presolana A"]
[Site "Bratto - Castione della Presolana ITA"]
[Date "1995.08.??"]
[Round "3"]
[White "Magalotti, Andrea"]
[Black "Mazzotti, Carlo"]
[Result "1/2-1/2"]
[WhiteElo "2205"]
[BlackElo "1904"]
[PlyCount "105"]
[EventDate "1995.08.21"]

1.e4 e6 2.d4 d5 3.Nc3 Bb4 4.Ne2 dxe4 5.a3 Be7 6.Nxe4 Nc6 7.Be3 Nf6 8.N2g3 
O-O 9.Bc4 Nxe4 10.Nxe4 f5 11.Nc5 f4 12.Nxe6 Bxe6 13.Bxe6+ Kh8 14.Bd2 Nxd4 
15.Bg4 Qd5 16.Bf3 Qe5+ 17.Kf1 Nxf3 18.Qxf3 Qxb2 19.Re1 Qxa3 20.Qxb7 Bd6 
21.Qb3 Qxb3 22.cxb3 Rab8 23.Rb1 Rb5 24.h4 f3 25.Rh3 fxg2+ 26.Kxg2 Kg8 27.
Rc1 Rfb8 28.b4 Kf7 29.Ra3 R8b7 30.Rca1 Bxb4 31.Bxb4 Rxb4 32.Rxa7 Rxa7 33.
Rxa7 Rc4 34.Kg3 Ke6 35.Rb7 Kd6 36.Rb8 Re4 37.Rd8+ Kc6 38.Rg8 Re7 39.Kg4 
Kb5 40.Kg5 c5 41.Rc8 c4 42.f4 Kb4 43.h5 c3 44.f5 h6+ 45.Kg6 Kb3 46.f6 gxf6
47.Kxh6 c2 48.Kg6 Re4 49.Rxc2 Kxc2 50.Kxf6 Kd3 51.h6 Rh4 52.Kg7 Ke4 53.h7 
1/2-1/2

[Event "XV Festival Conca della Presolana A"]
[Site "Bratto - Castione della Presolana ITA"]
[Date "1995.08.??"]
[Round "3"]
[White "Menoni, Vincenzo"]
[Black "D'Apa, Stefano"]
[Result "0-1"]
[WhiteElo "2250"]
[BlackElo "2205"]
[PlyCount "74"]
[EventDate "1995.08.21"]

1.e4 e6 2.d3 d5 3.Nd2 Nf6 4.Ngf3 c5 5.g3 Nc6 6.Bg2 Qc7 7.O-O Be7 8.Re1 O-O
9.e5 Nd7 10.Qe2 b5 11.Nf1 a5 12.Bf4 Ba6 13.h4 Qc8 14.N1h2 Ra7 15.Rac1 b4 
16.Ng5 Bxg5 17.hxg5 c4 18.dxc4 Bxc4 19.Qh5 Kh8 20.b3 Bb5 21.g4 Nd4 22.Be3 
Qc3 23.Qh4 Rc7 24.g6 fxg6 25.Bxd4 Qxd4 26.Nf3 Qb6 27.Qe7 Rcc8 28.Qd6 Rc6 
29.Qe7 Rc3 30.Ng5 Qxf2+ 31.Kh1 Rg3 32.Rg1 Rxg4 33.Bh3 Rh4 34.Qxe6 h6 35.
Nh7 Be2 36.Rg2 Bf3 37.Rg1 Qg3 0-1

[Event "XV Festival Conca della Presolana A"]
[Site "Bratto - Castione della Presolana ITA"]
[Date "1995.08.??"]
[Round "3"]
[White "Pagnoncelli, Marco"]
[Black "Battaggia, Piergiorgio"]
[Result "0-1"]
[WhiteElo "2165"]
[BlackElo "2000"]
[PlyCount "56"]
[EventDate "1995.08.21"]

1.e4 c5 2.Nf3 d6 3.d4 cxd4 4.Nxd4 Nf6 5.Nc3 a6 6.Bg5 e6 7.f4 Qb6 8.Nb3 Be7
9.Qf3 Nbd7 10.O-O-O Qc7 11.Bd3 b5 12.g4 Bb7 13.Rhg1 O-O-O 14.a3 Nc5 15.Kb1
Kb8 16.f5 Nfxe4 17.Nxe4 Bxg5 18.Nbxc5 dxc5 19.Qf2 Be7 20.f6 gxf6 21.Nxf6 
c4 22.Rg3 cxd3 23.Rgxd3 Rxd3 24.Rxd3 Rd8 25.Rc3 Rd1+ 26.Ka2 Qe5 27.g5 Bxf6
28.Qxf6 Qxf6 0-1

[Event "XV Festival Conca della Presolana A"]
[Site "Bratto - Castione della Presolana ITA"]
[Date "1995.08.??"]
[Round "3"]
[White "Rosino, Antonio"]
[Black "Ferretti, Folco"]
[Result "1/2-1/2"]
[WhiteElo "2320"]
[BlackElo "2270"]
[PlyCount "55"]
[EventDate "1995.08.21"]

1.e4 Nf6 2.e5 Nd5 3.d4 d6 4.Nf3 c6 5.Bc4 dxe5 6.Nxe5 g6 7.O-O Bg7 8.Qe2 
O-O 9.Bb3 Be6 10.c4 Nc7 11.Rd1 Nd7 12.Nf3 Bg4 13.Nc3 Ne6 14.Be3 Qc8 15.c5 
Nf6 16.h3 Bxf3 17.Qxf3 Nc7 18.d5 Ncxd5 19.Nxd5 Nxd5 20.Bxd5 cxd5 21.Qxd5 
Qc7 22.Qb3 Rfd8 23.Rac1 Qc6 24.Qc2 a5 25.b3 Be5 26.Rxd8+ Rxd8 27.Rd1 Rxd1+
28.Qxd1 1/2-1/2

[Event "XV Festival Conca della Presolana A"]
[Site "Bratto - Castione della Presolana ITA"]
[Date "1995.08.??"]
[Round "4"]
[White "Battaggia, Piergiorgio"]
[Black "Bozzali, Ermanno"]
[Result "1-0"]
[WhiteElo "2000"]
[BlackElo "1947"]
[PlyCount "149"]
[EventDate "1995.08.21"]

1.d4 Nf6 2.c4 c5 3.e3 e6 4.Nc3 Be7 5.Nf3 O-O 6.Bd3 b6 7.O-O Bb7 8.b3 d6 9.
Bb2 Nbd7 10.Rc1 Re8 11.Bb1 Bf8 12.Re1 Rc8 13.e4 cxd4 14.Qxd4 Qc7 15.Qd2 a6
16.h3 Red8 17.Na4 Bc6 18.Nc3 Qb7 19.Nd4 Nc5 20.Nxc6 Qxc6 21.Qe2 g6 22.Nb5 
axb5 23.Bxf6 Rd7 24.cxb5 Qa8 25.b4 Na4 26.Rxc8 Qxc8 27.Qc2 Qa8 28.Rc1 d5 
29.Qc8 Qxc8 30.Rxc8 d4 31.Bc2 Nb2 32.Kf1 d3 33.Bxb2 dxc2 34.Rxc2 h5 35.Ke2
Bg7 36.Bxg7 Kxg7 37.Rb2 Ra7 38.Kd3 Kf6 39.g3 g5 40.f4 gxf4 41.gxf4 Ra3+ 
42.Kd4 Rxh3 43.a4 Ra3 44.a5 Ke7 45.axb6 Kd8 46.Rc2 Ra8 47.Ke3 Rb8 48.Rc6 
Ke8 49.Kf3 Kf8 50.Kg3 Kg7 51.Kh4 Kg6 52.f5+ Kf6 53.Kxh5 Ke5 54.fxe6 fxe6 
55.Kg4 Kxe4 56.Rxe6+ Kd5 57.Rc6 Kd4 58.Kf3 Kd3 59.Kf4 Kd4 60.Kf5 Kd5 61.
Kf6 Rb7 62.Kf5 Rf7+ 63.Rf6 Rb7 64.Rc6 Rf7+ 65.Kg4 Rb7 66.Kf4 Rf7+ 67.Ke3 
Re7+ 68.Kd3 Rb7 69.Kc3 Rh7 70.Rc8 Rh3+ 71.Kb2 Rh7 72.Kb3 Rb7 73.Rd8+ Ke6 
74.Ka4 Ke7 75.Rh8 1-0

[Event "XV Festival Conca della Presolana A"]
[Site "Bratto - Castione della Presolana ITA"]
[Date "1995.08.??"]
[Round "4"]
[White "Bellini, Fabio"]
[Black "Ciampi, Vincenzo"]
[Result "1-0"]
[WhiteElo "2350"]
[BlackElo "2160"]
[PlyCount "85"]
[EventDate "1995.08.21"]

1.e4 e5 2.Nf3 Nc6 3.Bc4 Nf6 4.d3 h6 5.c3 g6 6.O-O Bg7 7.Re1 d6 8.d4 Qe7 9.
dxe5 Nxe5 10.Nxe5 Qxe5 11.Nd2 O-O 12.Nf3 Qc5 13.Bb3 Re8 14.Be3 Qh5 15.Bd4 
Bg4 16.Qd3 Bxf3 17.Qxf3 Qxf3 18.gxf3 Nh5 19.a4 Be5 20.a5 a6 21.Red1 Nf4 
22.Kf1 Rad8 23.Ra4 g5 24.Be3 Ng6 25.Rb4 Bxh2 26.Ba7 Re5 27.Rxb7 Rc8 28.Bd5
Ne7 29.Bd4 Rxd5 30.exd5 Nxd5 31.Be3 Ne7 32.Ra7 Nc6 33.Rxa6 Nd8 34.Ra1 Be5 
35.Bd4 Bf4 36.b4 c5 37.Bf6 cxb4 38.cxb4 Ne6 39.Rb6 d5 40.a6 d4 41.a7 Ra8 
42.Rxe6 fxe6 43.Bxd4 1-0

[Event "XV Festival Conca della Presolana A"]
[Site "Bratto - Castione della Presolana ITA"]
[Date "1995.08.??"]
[Round "4"]
[White "Belotti, Bruno"]
[Black "Ferretti, Folco"]
[Result "1-0"]
[WhiteElo "2380"]
[BlackElo "2270"]
[PlyCount "107"]
[EventDate "1995.08.21"]

1.e4 e6 2.d3 d5 3.Nd2 Nf6 4.Ngf3 dxe4 5.dxe4 Nc6 6.c3 e5 7.Qc2 Bd6 8.Be2 
O-O 9.O-O Ne7 10.Nc4 Ng6 11.Rd1 Qe7 12.a4 Rd8 13.b3 b6 14.a5 Bb7 15.Nfd2 
Nf4 16.Bf3 Qe6 17.axb6 axb6 18.Rxa8 Bxa8 19.Nxd6 Rxd6 20.Nc4 Rd7 21.Rxd7 
Nxd7 22.Qd1 Bc6 23.g3 Ng6 24.Ne3 Nf6 25.Qd8+ Ne8 26.Nd5 Qd7 27.Qb8 f6 28.
Ba3 Kf7 29.Be2 Bxd5 30.exd5 Ne7 31.c4 g6 32.Bf1 Nc8 33.h4 Ncd6 34.Qa7 Ne4 
35.Bc1 Qd6 36.Qa4 Nc3 37.Qa8 Qd7 38.Qa1 Ne4 39.Be3 Qe7 40.Qa8 f5 41.Bg2 
N4f6 42.Qa4 Ng4 43.Bg5 Qd6 44.b4 f4 45.Bh3 Nef6 46.f3 Ne3 47.Be6+ Ke7 48.
Qa8 h6 49.Bxh6 Ne8 50.Bg5+ Kf8 51.Bh6+ Ke7 52.Bg5+ Kf8 53.Qc8 Nf5 54.Bxf5 
1-0

[Event "XV Festival Conca della Presolana A"]
[Site "Bratto - Castione della Presolana ITA"]
[Date "1995.08.??"]
[Round "4"]
[White "Campini, Marco"]
[Black "Barlocco, Carlo"]
[Result "0-1"]
[WhiteElo "2066"]
[BlackElo "2160"]
[PlyCount "92"]
[EventDate "1995.08.21"]

1.e4 c5 2.Nf3 e6 3.d4 cxd4 4.Nxd4 Nc6 5.Nc3 a6 6.Be2 Qc7 7.O-O Nf6 8.Kh1 
Bb4 9.Qd3 O-O 10.f4 d6 11.Be3 Bxc3 12.bxc3 e5 13.Nb3 Bg4 14.Bxg4 Nxg4 15.
Bg1 Rac8 16.f5 Rfd8 17.Rad1 Nf6 18.c4 Nb4 19.Qe3 Qxc4 20.Nd2 Qc5 21.Qb3 
Qc3 22.a3 Qxb3 23.cxb3 Na2 24.Rfe1 b5 25.Bb6 Rd7 26.Ba5 Ng4 27.Kg1 Nc3 28.
Ra1 d5 29.h3 Nf6 30.Nf3 dxe4 31.Nxe5 Rd5 32.Ng4 Rxf5 33.Nxf6+ Rxf6 34.Bxc3
Rxc3 35.Rxe4 g6 36.Rb1 Rc2 37.Re3 Rff2 38.g4 Rg2+ 39.Kf1 Rcf2+ 40.Ke1 Rf4 
41.Rd1 Ra2 42.b4 Rff2 43.Rd8+ Kg7 44.Red3 Rh2 45.Rd2 Rh1+ 46.Ke2 Rxa3 0-1

[Event "XV Festival Conca della Presolana A"]
[Site "Bratto - Castione della Presolana ITA"]
[Date "1995.08.??"]
[Round "4"]
[White "Everet, Alexandro"]
[Black "Bascetta, Biagio"]
[Result "1/2-1/2"]
[WhiteElo "2095"]
[BlackElo "1908"]
[PlyCount "84"]
[EventDate "1995.08.21"]

1.e4 e6 2.d4 d5 3.e5 c5 4.c3 Nc6 5.Nf3 Qb6 6.Be2 cxd4 7.cxd4 Bd7 8.O-O 
Nge7 9.Nc3 Nf5 10.Na4 Qc7 11.Bf4 Be7 12.Rc1 Qd8 13.g4 Nh4 14.Nxh4 Bxh4 15.
Be3 O-O 16.f4 f6 17.Nc5 fxe5 18.fxe5 Be7 19.Rxf8+ Bxf8 20.Nxd7 Qxd7 21.Bb5
Rc8 22.Qc2 g6 23.Qf2 Bg7 24.a3 Rf8 25.Qc2 Rc8 26.Qa4 a6 27.Bd3 Bf8 28.Qd1 
Na5 29.Rxc8 Qxc8 30.Bd2 Nc4 31.Qc2 b5 32.Bxg6 hxg6 33.Qxg6+ Bg7 34.Bh6 Qd7
35.Bxg7 Qxg7 36.Qxe6+ Qf7 37.Qc8+ Kg7 38.Qxa6 Qf3 39.Qe6 Qd1+ 40.Kg2 Ne3+ 
41.Kg3 Qxd4 42.Qf6+ Kg8 1/2-1/2

[Event "XV Festival Conca della Presolana A"]
[Site "Bratto - Castione della Presolana ITA"]
[Date "1995.08.??"]
[Round "4"]
[White "Eynard, Valdo"]
[Black "Lupo, Alfredo"]
[Result "0-1"]
[WhiteElo "1909"]
[BlackElo "1997"]
[PlyCount "84"]
[EventDate "1995.08.21"]

1.e4 e5 2.Nf3 Nf6 3.d4 exd4 4.e5 Ne4 5.Qxd4 d5 6.exd6 Nxd6 7.Nc3 Nc6 8.Bb5
Qe7+ 9.Qe5 Qxe5+ 10.Nxe5 Nxb5 11.Nxb5 Nxe5 12.Nxc7+ Kd7 13.Nxa8 Bb4+ 14.c3
Bd6 15.O-O Kc6 16.a4 Be6 17.b4 Rxa8 18.Be3 Ng4 19.h3 Bh2+ 20.Kh1 Nxe3 21.
fxe3 Be5 22.Rac1 Bc4 23.Rf5 f6 24.Rh5 Bd3 25.c4 g5 26.c5 Bg6 27.Rh6 f5 28.
Rd1 Kc7 29.h4 Bg7 30.Rxg6 hxg6 31.Rd6 Be5 32.Rxg6 gxh4 33.Kg1 Rd8 34.Kf2 
Rd2+ 35.Kf3 Bg3 36.e4 Rd3+ 37.Ke2 fxe4 38.b5 Rd4 39.Rg7+ Rd7 40.Rxd7+ Kxd7
41.Ke3 Ke6 42.Kxe4 Bf2 0-1

[Event "XV Festival Conca della Presolana A"]
[Site "Bratto - Castione della Presolana ITA"]
[Date "1995.08.??"]
[Round "4"]
[White "Garofalo, Pietro"]
[Black "Gardi, Giuseppe"]
[Result "0-1"]
[WhiteElo "2130"]
[BlackElo "1902"]
[PlyCount "70"]
[EventDate "1995.08.21"]

1.c4 f5 2.d4 Nf6 3.Nc3 e6 4.Nf3 c6 5.Bf4 d5 6.e3 Bd6 7.Bxd6 Qxd6 8.c5 Qe7 
9.Ne5 O-O 10.Bd3 Nfd7 11.f4 Nxe5 12.fxe5 Qg5 13.Qf3 b6 14.b4 a5 15.Na4 
axb4 16.Nxb6 Ra3 17.Ke2 Ba6 18.Bxa6 Nxa6 19.g3 Nc7 20.Rhb1 Rc3 21.Rc1 Nb5 
22.Rxc3 Nxc3+ 23.Kd3 Qg6 24.Kd2 Ne4+ 25.Ke1 Qh6 26.Qe2 Qg5 27.Qf3 Qe7 28.
Rb1 Qa7 29.Rb2 b3 30.a4 Qa5+ 31.Kd1 Qb4 32.Qg2 Qa3 33.Kc1 Qa1+ 34.Rb1 Qc3+
35.Kd1 Qd3+ 0-1

[Event "XV Festival Conca della Presolana A"]
[Site "Bratto - Castione della Presolana ITA"]
[Date "1995.08.??"]
[Round "4"]
[White "Menoni, Vincenzo"]
[Black "Fabbri, Mario"]
[Result "1-0"]
[WhiteElo "2250"]
[BlackElo "2210"]
[PlyCount "57"]
[EventDate "1995.08.21"]

1.e4 e5 2.f4 exf4 3.Nf3 g5 4.d4 g4 5.Bxf4 gxf3 6.Qxf3 d6 7.Bc4 Qe7 8.Nc3 
c6 9.O-O Bg7 10.Qg3 Bxd4+ 11.Kh1 Nd7 12.Bxd6 Be5 13.Bxf7+ Qxf7 14.Bxe5 
Nxe5 15.Qxe5+ Qe6 16.Qxh8 Bd7 17.Qd4 b6 18.Rad1 O-O-O 19.Qg7 Ne7 20.Rf8 
Rxf8 21.Qxf8+ Kb7 22.Qg7 h5 23.h3 Ka6 24.Qg3 Bc8 25.Qd6 Qf7 26.a4 Be6 27.
b4 Qf6 28.b5+ cxb5 29.Nxb5 1-0

[Event "XV Festival Conca della Presolana A"]
[Site "Bratto - Castione della Presolana ITA"]
[Date "1995.08.??"]
[Round "4"]
[White "Nurkic, Sahbaz"]
[Black "Giretti Kanev, Jasen"]
[Result "1-0"]
[WhiteElo "2420"]
[BlackElo "2063"]
[PlyCount "99"]
[EventDate "1995.08.21"]

1.e4 e5 2.Nf3 Nf6 3.Nc3 Bb4 4.Nxe5 O-O 5.Be2 d6 6.Nd3 Bxc3 7.dxc3 Nxe4 8.
O-O Nc6 9.Be3 Bf5 10.c4 Ne5 11.Nf4 Qd7 12.f3 Nf6 13.g4 Be6 14.b3 Ng6 15.
Ng2 d5 16.g5 Ne8 17.cxd5 Bh3 18.Rf2 Qe7 19.Qd2 Nd6 20.Bf1 Nf5 21.Re1 Rfe8 
22.Bd3 Ngh4 23.Bxf5 Nxg2 24.Rxg2 Bxf5 25.Rge2 Qd6 26.c4 b6 27.Bf4 Qc5+ 28.
Kg2 Bd7 29.Rxe8+ Rxe8 30.Rxe8+ Bxe8 31.Qe2 Bd7 32.Qe5 Kf8 33.a3 Qe7 34.Qe4
c6 35.Kf2 Qxe4 36.fxe4 Ke7 37.Bb8 a6 38.Bc7 b5 39.Ke3 bxc4 40.bxc4 f6 41.
gxf6+ Kxf6 42.Kd4 g5 43.Bd8+ Kg6 44.Ke5 cxd5 45.exd5 h5 46.c5 h4 47.c6 Bf5
48.d6 h3 49.Bxg5 Kxg5 50.d7 1-0

[Event "XV Festival Conca della Presolana A"]
[Site "Bratto - Castione della Presolana ITA"]
[Date "1995.08.??"]
[Round "4"]
[White "Piva, Giorgio"]
[Black "Fuggetta, Leonardo"]
[Result "1-0"]
[WhiteElo "2190"]
[BlackElo "2115"]
[PlyCount "83"]
[EventDate "1995.08.21"]

1.d4 g6 2.c4 Bg7 3.Nc3 d6 4.e4 Nc6 5.d5 Nd4 6.Nge2 e5 7.Be3 Nxe2 8.Bxe2 f5
9.f3 f4 10.Bg1 Bf6 11.c5 Bh4+ 12.Kd2 Nf6 13.Kc2 O-O 14.Rc1 Ne8 15.Kb1 Rf7 
16.Bb5 dxc5 17.Bxe8 Qxe8 18.Bxc5 Bd7 19.Qd2 c6 20.Rhd1 b5 21.dxc6 Bxc6 22.
Nd5 Bxd5 23.Qxd5 Rd8 24.Bd6 Bf6 25.Rc7 a6 26.Rdc1 Kg7 27.R7c6 Ra8 28.R1c5 
Rd7 29.Rc7 Ra7 30.Rxa7 Rxa7 31.Bxe5 Bxe5 32.Qxe5+ Qxe5 33.Rxe5 Rd7 34.Kc2 
Kf6 35.Rc5 Ke6 36.Rc6+ Ke5 37.Rxa6 Rc7+ 38.Kb3 Rd7 39.Rc6 Rd2 40.Rc2 Rd4 
41.a3 g5 42.Rc5+ 1-0

[Event "XV Festival Conca della Presolana A"]
[Site "Bratto - Castione della Presolana ITA"]
[Date "1995.08.??"]
[Round "4"]
[White "Righi, Ezio"]
[Black "Contin, Daniel"]
[Result "0-1"]
[WhiteElo "2180"]
[BlackElo "2365"]
[PlyCount "42"]
[EventDate "1995.08.21"]

1.e4 e6 2.d4 d5 3.Nc3 Bb4 4.Ne2 dxe4 5.a3 Bxc3+ 6.Nxc3 Nc6 7.Bb5 Ne7 8.
Nxe4 Qd5 9.Qd3 O-O 10.Be3 f5 11.Ng5 Nxd4 12.Bxd4 Qxg2 13.Qg3 Qxh1+ 14.Kd2 
Qd5 15.Nxe6 Rf7 16.c4 Qxe6 17.Be8 Qh6+ 18.Kc2 f4 19.Bxf7+ Kxf7 20.Qf3 Bf5+
21.Kc3 Qh3 0-1